=LDR 00000nam 2200000 4500 =001 000160 =020 $9786025155642 =082 $639.299 =100 $$a Abdul Qolik =245 $$a Budidaya gurame agar cepat besar /$c Abdul Qolik =250 $Cetakan I =264 $Yogyakarta: Hijaz Pustaka Mandiri 2022 =300 $iv, 92 halaman; 21 cm. =650 $Perikanan =905 $639.3 ABD b =336 $$a =337 $$a =338 $$a =005 20260702151432.0 =008 260702s2026\\\\\\\\\\\\\\\\\\\\\\\\\\\\\\\\\\\\\\\\\